000 00221nam a2200097Ia 4500
008 170619s9999 xx 000 0 und d
100 _aRoyce Walker
245 0 _aSoftware Project Management
260 _bPearson
260 _c2012
546 _aENGLISH
999 _c19713
_d19713